UBT Library

Cybernetics and systems : Proceedings of the Thirteenth European Meeting on Cybernetics and Systems Research / (Record no. 54)

000 -LEADER
fixed length control field 00712nam a22002057a 4500
008 - FIXED-LENGTH DATA ELEMENTS--GENERAL INFORMATION
fixed length control field 131008b xxu||||| |||| 00| 0 eng d
020 ## - INTERNATIONAL STANDARD BOOK NUMBER
International Standard Book Number 3852061334
041 0# - LANGUAGE CODE
Language code of text/sound track or separate title eng
080 ## - UNIVERSAL DECIMAL CLASSIFICATION NUMBER
Universal Decimal Classification number 007:061.3
245 #0 - TITLE STATEMENT
Title Cybernetics and systems : Proceedings of the Thirteenth European Meeting on Cybernetics and Systems Research /
Statement of responsibility, etc edited by Robert Trappl
260 ## -
-- Vienna :
-- Austrian Society for Cybernetic Studies ;
-- 1996
300 ## -
-- 1243 f. :
-- me il. ;
-- 29 cm.
490 ## -
-- Cybernetics and systems '96
-- Volume II
505 ## -
-- [Libri përmban referencat pas secilit artikull]
505 ## -
-- Index : 1235-1243
650 #0 -
-- Kibernetika
650 #0 -
-- Seminare
700 ## -
-- Trappl, Robert
942 ## - ADDED ENTRY ELEMENTS (KOHA)
Source of classification or shelving scheme
Item type Books
Holdings
Withdrawn status Lost status Source of classification or shelving scheme Damaged status Not for loan Collection code Permanent location Current location Shelving location Date acquired Total Checkouts Full call number Barcode Date last seen Koha item type
          Koleksioni i përgjithshem UBT - Prishtine UBT - Prishtine Koleksioni i përgjithshem 10/08/2013   007:061.3 CYB 001-000050 10/08/2013 Books
UBT Library © 2015-2024. All rights reserved University Education for Business and Technology